00672 2200253 4500001002100000005001500021035002000036007000300056008004100059020002200100082000800122084001400130100001500144245008300159250001000242260003500252300003600287650001200323700001400335700002100349504002600370990001100396990001100407INLIS00000000000659620210226110423 a0010-0221000360ta210226 g 0 ind  a978-979-465-538-2 a630 a630 TAK k0 aTAKARI, E.1 aKamus Visual Tentang Tumbuhan /cE. Takari; editor, Asrimiati, Mia Siti Aminah acet.4 aBandung :bEpsilon Grup,c2012 aiv, 156 hal. :bilus. ;c25 cm. 4aTANAMAN0 aASRIMIATI0 aMIA, Siti Aminah aBibliografi : hal.156 a7878 a a7878 b